000 00326 a2200157 4500
001 161282
020 _a
040 _cMagnum
100 _aCapelli, Alba
240 1 0 _aO mico-leao/colecao na mata
_lpor
245 1 0 _aO mico-leao/colecao na mata
362 0 _a1899
440 1 _aFTD
697 _aI/ANIMAIS
942 _cBK
999 _c161282
_d161282